Cultura, identidad y metropolitanismo global /
El artículo se divide en tres grandes puntos de intervención: globalización, cultura e identidad, que son abordados por el autor primeramente de forma explicativa y luego de forma analítica. Según el autor, la globalización se nos presenta fundamentalmente con un rostro humano si la entendemos como...
Guardat en:
| Autor principal: | |
|---|---|
| Format: | Text |
| Matèries: | |
| Etiquetes: |
Afegir etiqueta
Sense etiquetes, Sigues el primer a etiquetar aquest registre!
|
MARC
| LEADER | 00000 a a2200000 04500 | ||
|---|---|---|---|
| 001 | 16546 | ||
| 003 | |||
| 040 | |||
| 100 | |a Giménez, Gilberto | ||
| 245 | |a Cultura, identidad y metropolitanismo global / |c Gilberto Giménez | ||
| 500 | |a Resumen también en inglés | ||
| 520 | |a El artículo se divide en tres grandes puntos de intervención: globalización, cultura e identidad, que son abordados por el autor primeramente de forma explicativa y luego de forma analítica. Según el autor, la globalización se nos presenta fundamentalmente con un rostro humano si la entendemos como interconexión compleja entre "ciudades mundiales" a través de redes sustentandas por las nuevas tecnologías de comunicación e información. En el plano cultural, su efecto principal y más visible ha sido la reorganización general de la cultura en el marco urbano, a expensas de las culturas rurales y provincianas que tienden a colapsarse, al mismo tiempo que su respectiva economía. Además, el autor menciona culturas de diáspora y un nuevo humanismo ecológico como procesos actuales para concluir la discusión con una reflexión personal sobre el tema | ||
| 650 | |a GLOBALIZACION | ||
| 650 | |a CAMBIO CULTURAL | ||
| 650 | |a IDENTIDAD SOCIAL | ||
| 650 | |a DESARROLLO CULTURAL | ||
| 650 | |a ECOLOGIA HUMANA | ||
| 650 | |a TEORIA SOCIAL | ||
| 773 | |g volumen 67, número 3; páginas 483-512 | ||
| 999 | |c 25245 |d 25245 | ||
